Country Border Chain #3 (The Americas) - Statistics

General Stats
  • This quiz has been taken 63 times
  • The average score is 18 of 19
Answer Stats
Hint Country % Correct
A Argentina
98%
V Venezuela
98%
B Bolivia
96%
B Brazil
96%
C Chile
96%
P Peru
96%
C Colombia
95%
G Guyana
95%
P Panama
95%
S Suriname
95%
C Costa Rica
93%
H Honduras
93%
N Nicaragua
93%
E El Salvador
91%
G Guatemala
91%
M Mexico
91%
B Belize
88%
C Canada
88%
U United States
88%
No matching quizzes found
Score Distribution
Percent of People with Each Score
Percentile by Number Answered
Your Score History
You have not taken this quiz